The elementary principles of reinforced concrete design. (Record no. 546980)

000 -LEADER
fixed length control field 00449cam a22001451 4500
082 ## - DEWEY DECIMAL CLASSIFICATION NUMBER
Classification number 624.18341
Author Mark ELG
-- L-19, P-49
100 1# - MAIN ENTRY--PERSONAL NAME
Personal name Elgar, W. H.
9 (RLIN) 42388
245 14 - TITLE STATEMENT
Title The elementary principles of reinforced concrete design.
260 ## - PUBLICATION, DISTRIBUTION, ETC.
Place of publication, distribution, etc. London,
Name of publisher, distributor, etc. Architectural Press
Date of publication, distribution, etc. [1961]
300 ## - PHYSICAL DESCRIPTION
Extent 112 p.
Other physical details illus.
Dimensions 23 cm.
526 ## - STUDY PROGRAM INFORMATION NOTE
Program name 0
Interest level 0
Reading level 0
Title point value 624_183410000000000_ELG
650 #0 - SUBJECT ADDED ENTRY--TOPICAL TERM
Topical term or geographic name entry element MCE
9 (RLIN) 379
650 #0 - SUBJECT ADDED ENTRY--TOPICAL TERM
Topical term or geographic name entry element Reinforced concrete construction.
942 ## - ADDED ENTRY ELEMENTS (KOHA)
Source of classification or shelving scheme
Koha item type Book
Holdings
Withdrawn status Lost status Source of classification or shelving scheme Damaged status Not for loan Permanent Location Current Location Date acquired Total Checkouts Full call number Barcode Date last seen Price effective from Koha item type
          Military College of Engineering (MCE) Military College of Engineering (MCE) 06/27/2014   624.18341 ELG MCE-3307 06/27/2014 06/27/2014 Book
© 2023 Central Library, National University of Sciences and Technology. All Rights Reserved.